00414nam a2200157Ia 45000010006000000050017000060080041000230410008000640820016000721000026000882450084001142600009001983000033002076500008002406540008002482364820260414150951.0260414t2010||||xx |||||||||||||| ||spa|| aESP a681.2bZ941 aZhang, Yan (ed.)eAUT 0aRFID and sensor networks :barchitectures, protocols, security and integrations c2010 axix, 626 páginas :c24 cm. aTCA aCII